| 000 | 01593cam a22003734i 4500 | ||
|---|---|---|---|
| 001 | 12160668 | ||
| 003 | EG-ScBUE | ||
| 005 | 20250218111705.0 | ||
| 008 | 000831t2000 gw a f 000 0 eng d | ||
| 020 | _a3540410708 (acidfree paper) | ||
| 020 | _a9783540410706 | ||
| 040 |
_aEG-ScBUE _beng _erda _cEG-ScBUE _dEG-ScBUE |
||
| 082 | 0 | 4 |
_a515.732 _222 _bLEC |
| 245 | 0 | 0 |
_aGeometric aspects of functional analysis : _bIsrael seminar (GAFA) 1996-2000 / _cV. D. Milman, G. Schechtman (eds.) |
| 264 | 1 |
_aBerlin : _bSpringer, _c[2000] |
|
| 264 | 4 | _cc2000 | |
| 300 |
_aviii, 289 pages ; _c24 cm. |
||
| 336 |
_2rdacontent _atext _btxt |
||
| 337 |
_aunmediated _2rdamedia _bn |
||
| 338 |
_avolume _bnc _2rdacarrier |
||
| 490 | 1 |
_aLecture notes in mathematics ; _v1745 |
|
| 650 | 7 |
_aConvex geometry. _96878 _2BUEsh |
|
| 650 | 7 |
_aDiscrete geometry. _96879 _2BUEsh |
|
| 650 | 7 |
_aFunctional analysis. _96880 _2BUEsh |
|
| 650 | 7 |
_aProbabilities. _2BUEsh |
|
| 655 | _vReading book | ||
| 700 | 1 |
_aMilman, Vitali D., _d1939- _96881 _eeditor. |
|
| 700 | 1 |
_aSchechtman, Gideon, _d1947- _96882 _eeditor. |
|
| 711 | 2 |
_aIsrael Seminar on Geometrical Aspects of Functional Analysis _d(1996-2000) _96883 |
|
| 856 | 4 | 2 |
_3Publisher description _uhttp://www.loc.gov/catdir/enhancements/fy0816/00046333-d.html |
| 856 | 4 | 1 |
_3Table of contents only _uhttp://www.loc.gov/catdir/enhancements/fy0816/00046333-t.html |
| 942 |
_2ddc _cBB |
||
| 999 |
_c12018 _d12018 |
||